000
00323nam a2200133Ia 4500
100
_a
Marcus/M & Minc/ H
942
_c
BK
654
_a
Coordinate Geometry
245
_a
Elementary functions & Coordinate Geometry
260
_b
Houghton Mifflin Co
_a
Boston
_c
1969
082
_a
510
_b
Mar
546
_a
ENGLISH
999
_c
18672
_d
18672